000 00252nam a22001217a 4500
008 171011b xxu||||| |||| 00| 0 eng d
041 _aeng
080 _a316
100 _a50
101 _aSOC
245 _aSOCIALIZATION
_cDAGER,E.Z
942 _2udc
_cBK
999 _c33081
_d33081